=LDR 00000nam 2200000 4500 =001 INLIS000000000005535 =005 20251017090708 =035 ##$$a 0010-1025000590 =007 ta =008 251017###########################0#ind## =082 ##$$a 363.97 =084 ##$$a 363.97 SYA p =100 #$$a Syaifullah Tamliha =245 1#$$a Petani Akseptor KB Mandiri Dan Koperasi =260 ##$$a Kalimantan Selatan :$b Badan Koordinasi Keluarga Berencana Nasional,$c 1990 =300 ##$$a 20 Hal : $b Ilus ; $c 21 =650 #4$$a Keluarga Berencana =856 ##$$a Perpustakaan Kemendukbangga